<?xml version="1.0" encoding="UTF-8"?>
<record
    xmlns:xsi="http://www.w3.org/2001/XMLSchema-instance"
    xsi:schemaLocation="http://www.loc.gov/MARC21/slim http://www.loc.gov/standards/marcxml/schema/MARC21slim.xsd"
    xmlns="http://www.loc.gov/MARC21/slim">

  <leader>01321nam a2200313Ia 4500</leader>
  <controlfield tag="003">OSt</controlfield>
  <controlfield tag="005">20200901133759.0</controlfield>
  <controlfield tag="008">191128s2017    ck a   gr     000 0 spa d</controlfield>
  <datafield tag="020" ind1=" " ind2=" ">
    <subfield code="a">9789583056604</subfield>
  </datafield>
  <datafield tag="040" ind1=" " ind2=" ">
    <subfield code="a">CO-JMCR</subfield>
    <subfield code="c">CO-JMCR</subfield>
  </datafield>
  <datafield tag="041" ind1="0" ind2=" ">
    <subfield code="a">spa</subfield>
  </datafield>
  <datafield tag="082" ind1="0" ind2="4">
    <subfield code="a">372.35 / </subfield>
    <subfield code="b">M433c</subfield>
    <subfield code="2">23</subfield>
  </datafield>
  <datafield tag="100" ind1="1" ind2=" ">
    <subfield code="a">Matijasevic, Sanja, </subfield>
    <subfield code="e">autora</subfield>
    <subfield code="9">9587</subfield>
  </datafield>
  <datafield tag="245" ind1="1" ind2="0">
    <subfield code="a">Ciencia para ni&#xF1;os /</subfield>
    <subfield code="c">Sanja Matijasevic, Vesna Kartal, Dragoslava Gunjic</subfield>
  </datafield>
  <datafield tag="250" ind1=" " ind2=" ">
    <subfield code="a">Primera edici&#xF3;n</subfield>
  </datafield>
  <datafield tag="260" ind1=" " ind2=" ">
    <subfield code="a">Bogot&#xE1; : </subfield>
    <subfield code="b">Panamericana, </subfield>
    <subfield code="c">2017.</subfield>
  </datafield>
  <datafield tag="300" ind1=" " ind2=" ">
    <subfield code="a">135 p&#xE1;ginas : </subfield>
    <subfield code="b"> ilustraciones a color ; </subfield>
    <subfield code="c">24 cm.</subfield>
  </datafield>
  <datafield tag="505" ind1="0" ind2=" ">
    <subfield code="a">El barril sin fondo -- La botella loca -- El huevo obediente -- Desde peces hasta viajes a la luna</subfield>
  </datafield>
  <datafield tag="520" ind1="0" ind2=" ">
    <subfield code="a">&#xA1;Juguemos y aprendamos juntos! &#xBF;Qu&#xE9; te gustar&#xED;a ser?&#xBF;Un cient&#xED;fico curioso, un gran matem&#xE1;tico o un explorador? En este libro encontrar&#xE1;s ideas de juegos y actividades divertidas que te ayudar&#xE1;n a comprender varios aspectos.</subfield>
  </datafield>
  <datafield tag="650" ind1="2" ind2="4">
    <subfield code="a">Ciencia </subfield>
    <subfield code="x">Ense&#xF1;anza elemental</subfield>
    <subfield code="9">9588</subfield>
  </datafield>
  <datafield tag="650" ind1="2" ind2="4">
    <subfield code="a">Experimentos </subfield>
    <subfield code="x">Reacciones qu&#xED;micas</subfield>
    <subfield code="9">9589</subfield>
  </datafield>
  <datafield tag="650" ind1="2" ind2="4">
    <subfield code="a">Ense&#xF1;anza elemental</subfield>
    <subfield code="9">9590</subfield>
  </datafield>
  <datafield tag="650" ind1="2" ind2="4">
    <subfield code="a">Experimentos   Bot&#xE1;nica</subfield>
    <subfield code="9">9591</subfield>
  </datafield>
  <datafield tag="650" ind1="2" ind2="4">
    <subfield code="a">Ense&#xF1;anza elemental</subfield>
    <subfield code="9">9590</subfield>
  </datafield>
  <datafield tag="650" ind1="2" ind2="4">
    <subfield code="a">Experimentos Electricidad</subfield>
    <subfield code="9">9592</subfield>
  </datafield>
  <datafield tag="650" ind1="2" ind2="4">
    <subfield code="a">Ense&#xF1;anza elemental</subfield>
    <subfield code="9">9590</subfield>
  </datafield>
  <datafield tag="650" ind1="2" ind2="4">
    <subfield code="a">Experimentos</subfield>
    <subfield code="9">9593</subfield>
  </datafield>
  <datafield tag="942" ind1=" " ind2=" ">
    <subfield code="2">ddc</subfield>
    <subfield code="c">BK</subfield>
  </datafield>
  <datafield tag="999" ind1=" " ind2=" ">
    <subfield code="c">4458</subfield>
    <subfield code="d">4458</subfield>
  </datafield>
  <datafield tag="952" ind1=" " ind2=" ">
    <subfield code="0">0</subfield>
    <subfield code="1">0</subfield>
    <subfield code="2">ddc</subfield>
    <subfield code="3">Donaci&#xF3;n--10/12/2018--</subfield>
    <subfield code="4">0</subfield>
    <subfield code="7">0</subfield>
    <subfield code="a">CPL</subfield>
    <subfield code="b">CPL</subfield>
    <subfield code="c">GEN</subfield>
    <subfield code="d">2019-11-28</subfield>
    <subfield code="e">Donaci&#xF3;n</subfield>
    <subfield code="l">17</subfield>
    <subfield code="m">2</subfield>
    <subfield code="o">372.35 / M433c </subfield>
    <subfield code="p">201809327</subfield>
    <subfield code="r">2026-03-31 08:15:23</subfield>
    <subfield code="s">2026-03-02</subfield>
    <subfield code="t">Ej.1</subfield>
    <subfield code="w">2019-11-28</subfield>
    <subfield code="y">BK</subfield>
  </datafield>
</record>
